000 00840nam0a2200277 4500
001 RU\NLR\BIBL_A\022412510
005 20250625225159.0
035 _a(NLR Aleph) 022412510
090 _a13336079
_c13336079
100 _a20241216d1933 |||y0rusy50 ca
101 0 _akur
102 _aRU
105 _ay z 000 y
181 0 _ai
_baxxe
182 0 _an
200 1 _aМаҭmatIka
_esona қoma әmlьn
_fA.Ṣavarṣyan u L. Varandyan
203 _aТекст
_bвизуальный
_cнепосредственный
210 _aRewan
_cNә sra hykymәta sewra fьlьstane
_d1933
215 _a107c.
_d21
541 1 _6z01790
_aМатематика на курд. яз.
_zrus
700 1 _aṢavarṣyan
_bA.
_4070
701 1 _aVarandyan
_bL.
_4070
790 0 _6z01541
_aШаваршян
_bА.
942 _cBOOK
980 _aNB